000 00677nam a2200217Ia 4500
003 GCL
008 140319s9999 xx 000 0 ara d
020 _a9692556290
040 _aGCL /
_cGCL
082 0 4 _aط
_b823.02
_bو ج
100 1 _aسهيل مقل
245 1 0 _aجودى فى المزرعة /
_cسهيل مقل
700 1 _aوايلديرود، مايرللى فان
700 1 _aايفينس، جان
260 _aالاردن :
_bدار ربيع للنشر ،
_c2003
300 _a22 ص ؛
_c25 سم
650 0 4 _aالقصص الانجليزية المترجمة
650 0 4 _aقصص الاطفال
650 0 4 _aادب الاطفال
942 _2ddc
_cBK
999 _c10035
_d10035